[Event "CHI-ch sf"]
[Site "Villa Alemana"]
[Date "2023.01.18"]
[Round "1"]
[White "Rozas Lazcano, Valeska"]
[Black "Gutierrez Montes, Sebastian"]
[Result "0-1"]
[WhiteElo "1598"]
[BlackElo "2166"]
[PlyCount "68"]
[EventDate "2023.01.18"]
[EventType "swiss"]
[EventRounds "8"]
[EventCountry "CHI"]
[SourceTitle "CBM 212 Extra"]
[Source "ChessBase"]
[SourceDate "2023.03.31"]
[SourceVersion "1"]
[SourceVersionDate "2023.03.31"]
[SourceQuality "1"]

1. e4 d5 2. e5 c5 3. c3 Nc6 4. f4 Nh6 5. Nf3 Bg4 6. h3 Bxf3 7. Qxf3 e6 8. Bd3 c4 9. Bc2 Qb6 10. d4 cxd3 11. Bxd3 g6 12. Nd2 Nf5 13. Bxf5 gxf5 14. Nb3 d4 15. Bd2 0-0-0 16. 0-0-0 d3 17. Be3 Qa6 18. Kb1 Rd5 19. Bd4 Bh6 20. g4 Rhd8 21. g5 Bf8 22. Qxd3 Qa4 23. Qe2 Rb5 24. Rd2 Na5 25. Nxa5 Rxa5 26. b3 Qc6 27. Rhd1 Rad5 28. Bxa7 Rxd2 29. Rxd2 Rxd2 30. Qxd2 b6 31. Bb8 Ba3 32. Bd6 Qe4+ 33. Qc2 Qe1+ 34. Qd1 Qxd1# 0-1

[Event "CHI-ch sf"]
[Site "Quilpue"]
[Date "2022.02.06"]
[Round "6"]
[White "Lopez Silva, Hugo Andres"]
[Black "Gutierrez Montes, Sebastian"]
[Result "1/2-1/2"]
[WhiteElo "2407"]
[BlackElo "2167"]
[PlyCount "42"]
[EventDate "2022.02.04"]
[EventType "swiss"]
[EventRounds "8"]
[EventCountry "CHI"]
[SourceTitle "CBM 206 Extra"]
[Source "ChessBase"]
[SourceDate "2022.03.31"]
[SourceVersion "1"]
[SourceVersionDate "2022.03.31"]
[SourceQuality "1"]

1. e4 c5 2. Nf3 d6 3. d4 cxd4 4. Nxd4 Nf6 5. Nc3 a6 6. h4 e5 7. Nb3 Be6 8. f4 exf4 9. Bxf4 Nc6 10. Qd2 Ne5 11. Nd4 Qa5 12. Nxe6 fxe6 13. 0-0-0 Be7 14. Kb1 Bf8 15. Kc1 Be7 16. Kb1 0-0 17. g3 Rfc8 18. Bh3 Kf7 19. Rhf1 Nc4 20. Rh1 Ne5 21. Bf1 Kf8 1/2-1/2

[Event "CHI-ch sf"]
[Site "Quilpue"]
[Date "2022.02.04"]
[Round "1"]
[White "Bulgarini Torre, Marco"]
[Black "Gutierrez Montes, Sebastian"]
[Result "0-1"]
[WhiteElo "1729"]
[BlackElo "2167"]
[PlyCount "86"]
[EventDate "2022.02.04"]
[EventType "swiss"]
[EventRounds "8"]
[EventCountry "CHI"]
[SourceTitle "CBM 206 Extra"]
[Source "ChessBase"]
[SourceDate "2022.03.31"]
[SourceVersion "1"]
[SourceVersionDate "2022.03.31"]
[SourceQuality "1"]

1. d4 d5 2. Nf3 c6 3. e3 Nf6 4. Bd3 e6 5. 0-0 Nbd7 6. Nbd2 c5 7. c3 Be7 8. Re1 0-0 9. e4 cxd4 10. cxd4 dxe4 11. Nxe4 Nd5 12. a3 b6 13. Bd2 Bb7 14. Qe2 a6 15. Rad1 Qb8 16. Bb1 Re8 17. Neg5 Nf8 18. h4 g6 19. h5 Nf4 20. Bxf4 Qxf4 21. Nh3 Qg4 22. hxg6 hxg6 23. Be4 Bxe4 24. Qxe4 Qxe4 25. Rxe4 Red8 26. d5 Bf6 27. Rb4 b5 28. d6 Nd7 29. Nhg5 Nc5 30. Ne4 Nxe4 31. Rxe4 Bxb2 32. a4 Ba3 33. d7 Ra7 34. Ne5 Bb2 35. axb5 axb5 36. Nc6 Raxd7 37. Rxd7 Rxd7 38. Rb4 Rd1+ 39. Kh2 Rd2 40. Kg3 Rd3+ 41. Kg4 f5+ 42. Kf4 Bf6 43. Ne5 g5# 0-1

[Event "CHI-ch sf"]
[Site "Quilpue"]
[Date "2020.01.31"]
[Round "4"]
[White "Gutierrez Montes, Sebastian"]
[Black "Henriquez Acuna, Julio"]
[Result "1-0"]
[WhiteElo "2148"]
[BlackElo "1994"]
[PlyCount "64"]
[EventDate "2020.01.30"]
[EventType "swiss"]
[EventRounds "8"]
[EventCountry "CHI"]
[SourceTitle "CBM 194 Extra"]
[Source "ChessBase"]
[SourceDate "2020.03.31"]
[SourceVersion "1"]
[SourceVersionDate "2020.03.31"]
[SourceQuality "1"]

1. e4 c5 2. Nf3 e6 3. d4 cxd4 4. Nxd4 a6 5. Nc3 b5 6. g3 Bb7 7. Bg2 b4 8. Nce2 Nf6 9. f3 Be7 10. 0-0 Qc7 11. Re1 0-0 12. Qd3 d5 13. exd5 Bxd5 14. b3 Nc6 15. Bb2 Rfd8 16. Kh1 Nxd4 17. Nxd4 Bb7 18. Qe2 Bc5 19. Rad1 Qb6 20. f4 Nd5 21. f5 Nc3 22. Bxc3 bxc3 23. fxe6 Bxg2+ 24. Qxg2 fxe6 25. Nc6 Re8 26. Ne5 Bd4 27. Nc4 Qa7 28. Qc6 Rac8 29. Qe4 e5 30. Nd6 Rf8 31. Qd5+ Kh8 32. Nxc8 Rxc8 1-0

[Event "CHI-ch sf"]
[Site "Quilpue"]
[Date "2019.01.20"]
[Round "7"]
[White "Gutierrez Montes, Sebastian"]
[Black "Lobos Barrenechea, Miguel"]
[Result "1-0"]
[WhiteElo "2154"]
[BlackElo "2327"]
[PlyCount "98"]
[EventDate "2019.01.17"]
[EventType "swiss"]
[EventRounds "8"]
[EventCountry "CHI"]
[SourceTitle "CBM 188 Extra"]
[Source "ChessBase"]
[SourceDate "2019.02.28"]
[SourceVersion "1"]
[SourceVersionDate "2019.02.28"]
[SourceQuality "1"]

1. e4 c5 2. Nf3 d6 3. d4 cxd4 4. Nxd4 Nf6 5. Nc3 a6 6. Bg5 e6 7. f4 h6 8. Bh4 Be7 9. Qf3 Qc7 10. 0-0-0 Nbd7 11. Be2 0-0 12. g4 b5 13. a3 Bb7 14. g5 Nh7 15. Qh5 hxg5 16. fxg5 Ne5 17. Rhg1 g6 18. Qh6 Rfc8 19. Bf2 Qd8 20. Be3 Rxc3 21. bxc3 Qa5 22. Rg3 Qxa3+ 23. Kb1 Bf8 24. Qh4 Bg7 25. Nb3 Nc4 26. Bc1 Qa4 27. Qg4 Rc8 28. Nd4 Ne5 29. Qf4 Nf8 30. h4 Nfd7 31. h5 d5 32. h6 Bf8 33. c4 bxc4 34. Bb2 Qb4 35. h7+ Kh8 36. Nb3 Bg7 37. exd5 Bxd5 38. Re3 Qb8 39. Rd4 Qb7 40. Nd2 Rb8 41. Nb3 cxb3 42. c4 Bxc4 43. Bxc4 Rc8 44. Bxb3 Rb8 45. Rc4 Rc8 46. Rxc8+ Qxc8 47. Re1 Qb7 48. Re3 Bf8 49. Bc2 Kg7 1-0

[Event "CHI-ch sf"]
[Site "Quilpue"]
[Date "2019.01.18"]
[Round "3"]
[White "Gutierrez Montes, Sebastian"]
[Black "Gasic Merino, Franco Ignacio"]
[Result "0-1"]
[WhiteElo "2154"]
[BlackElo "2166"]
[PlyCount "154"]
[EventDate "2019.01.17"]
[EventType "swiss"]
[EventRounds "8"]
[EventCountry "CHI"]
[SourceTitle "CBM 188 Extra"]
[Source "ChessBase"]
[SourceDate "2019.02.28"]
[SourceVersion "1"]
[SourceVersionDate "2019.02.28"]
[SourceQuality "1"]

1. e4 d5 2. exd5 Nf6 3. d4 Bg4 4. Be2 Bxe2 5. Qxe2 Qxd5 6. Nf3 e6 7. c4 Bb4+ 8. Nc3 Bxc3+ 9. bxc3 Qe4 10. Be3 0-0 11. 0-0 Nbd7 12. Rfd1 Rfe8 13. Rab1 b6 14. Qd2 h6 15. Re1 Qf5 16. Rb5 Ne4 17. Qc2 c5 18. Rbb1 Rac8 19. Rbc1 Nd6 20. Qa4 Red8 21. Red1 Qe4 22. dxc5 Qxc4 23. Qxc4 Nxc4 24. cxb6 Nxe3 25. fxe3 Nxb6 26. Rd4 Rd5 27. Nd2 e5 28. Rxd5 Nxd5 29. c4 Nxe3 30. Rc3 Nf5 31. Ra3 Rc7 32. Kf2 Nd4 33. Ra5 f6 34. Ke3 Kf7 35. Ne4 Ke7 36. Kd3 Nc6 37. Ra4 Rd7+ 38. Ke3 Rd4 39. Nc3 a5 40. Nb5 Rd1 41. Ra3 Rc1 42. Nc3 Rc2 43. Kf3 Nd4+ 44. Ke4 Ke6 45. Kd3 Rxg2 46. Rxa5 Rxh2 47. c5 Nc6 48. Ra6 Kd7 49. Ra8 Rh3+ 50. Kd2 f5 51. a4 Nb4 52. Nb5 g5 53. Ra7+ Kc6 54. Rc7+ Kd5 55. Na7 Rd3+ 56. Ke2 Rc3 57. Rd7+ Ke4 58. Rc7 Na6 59. Nb5 Rc2+ 60. Kd1 Rxc5 61. Rh7 Rc6 62. a5 g4 63. Kd2 Kf3 64. Re7 Rc5 65. Nc3 Rxa5 66. Rh7 Nc5 67. Rxh6 Ne4+ 68. Nxe4 Kxe4 69. Rb6 Ra2+ 70. Ke1 g3 71. Kf1 Kf3 72. Rb3+ Kf4 73. Kg1 e4 74. Rc3 e3 75. Rc1 Kf3 76. Rf1+ Rf2 77. Re1 g2 0-1

[Event "Arica op 5th"]
[Site "Arica"]
[Date "2018.12.18"]
[Round "8"]
[White "Gutierrez Montes, Sebastian"]
[Black "Villanueva, Mario Nicolas"]
[Result "1/2-1/2"]
[WhiteElo "2100"]
[BlackElo "2496"]
[PlyCount "54"]
[EventDate "2018.12.13"]
[EventType "swiss"]
[EventRounds "10"]
[EventCountry "CHI"]
[SourceTitle "CBM 188 Extra"]
[Source "ChessBase"]
[SourceDate "2019.02.28"]
[SourceVersion "1"]
[SourceVersionDate "2019.02.28"]
[SourceQuality "1"]

1. e4 e6 2. d4 d5 3. exd5 exd5 4. Nf3 Bd6 5. c4 Nf6 6. c5 Be7 7. Nc3 b6 8. Be3 0-0 9. h3 bxc5 10. dxc5 Na6 11. Bxa6 Bxa6 12. Qa4 Qc8 13. b4 Bc4 14. Ne5 Qf5 15. Nxc4 dxc4 16. 0-0 a5 17. bxa5 Nd7 18. Qxc4 Bxc5 19. Bxc5 Qxc5 20. Qxc5 Nxc5 21. Nd5 Rxa5 22. Rfc1 Ne6 23. Nxc7 Nd4 24. Rd1 Nc2 25. Rac1 Rxa2 26. Rd2 Nb4 27. Rxa2 Nxa2 1/2-1/2

[Event "CHI-ch"]
[Site "Santiago de Chile"]
[Date "2017.02.25"]
[Round "9"]
[White "Aguirre Contreras, Cristian Rodrigo"]
[Black "Gutierrez Montes, Sebastian"]
[Result "1-0"]
[WhiteElo "2254"]
[BlackElo "2166"]
[PlyCount "95"]
[EventDate "2017.02.20"]
[EventType "tourn"]
[EventRounds "11"]
[EventCountry "CHI"]
[EventCategory "3"]
[SourceTitle "CBM 177 Extra"]
[Source "ChessBase"]
[SourceDate "2017.04.27"]
[SourceVersion "1"]
[SourceVersionDate "2017.04.27"]
[SourceQuality "1"]

1. e4 c5 2. c3 Nf6 3. e5 Nd5 4. d4 cxd4 5. Nf3 d6 6. cxd4 Nc6 7. Bc4 dxe5 8. dxe5 Nb6 9. Qxd8+ Nxd8 10. Bb3 Be6 11. Nbd2 Bxb3 12. Nxb3 g6 13. 0-0 Bg7 14. Nbd4 0-0 15. Re1 Rc8 16. b3 Nc6 17. Bb2 Rfd8 18. Rad1 Rd5 19. Nxc6 Rxc6 20. Rxd5 Nxd5 21. Nd4 Rc8 22. a3 a6 23. g3 e6 24. f4 Bf8 25. Kf1 Bc5 26. Rc1 Rc7 27. Nf3 Bb6 28. Rxc7 Bxc7 29. Ke2 h6 30. Kd3 Kf8 31. Bd4 Ke8 32. Nd2 Bd8 33. Ne4 Be7 34. Bc5 b6 35. Bd6 Kd7 36. Kd4 f5 37. Bxe7 Nxe7 38. Nf6+ Kc7 39. h4 h5 40. Kc4 Kb7 41. Nh7 Nd5 42. Kd3 Kc6 43. Nf8 Nc7 44. Nxg6 Kd7 45. Nf8+ Ke7 46. Nh7 Nb5 47. a4 Nc7 48. Nf6 1-0

[Event "CHI-ch"]
[Site "Santiago de Chile"]
[Date "2017.02.25"]
[Round "8"]
[White "Gutierrez Montes, Sebastian"]
[Black "Hurtado Bahamonde, Rodrigo And"]
[Result "1/2-1/2"]
[WhiteElo "2166"]
[BlackElo "2167"]
[PlyCount "41"]
[EventDate "2017.02.20"]
[EventType "tourn"]
[EventRounds "11"]
[EventCountry "CHI"]
[EventCategory "3"]
[SourceTitle "CBM 177 Extra"]
[Source "ChessBase"]
[SourceDate "2017.04.27"]
[SourceVersion "1"]
[SourceVersionDate "2017.04.27"]
[SourceQuality "1"]

1. e4 c5 2. Nf3 Nc6 3. d4 cxd4 4. Nxd4 Nf6 5. Nc3 e5 6. Ndb5 d6 7. Bg5 a6 8. Na3 b5 9. Nd5 Be7 10. Bxf6 Bxf6 11. c3 Bg5 12. Nc2 0-0 13. a4 bxa4 14. Rxa4 a5 15. Bc4 Be6 16. b3 Kh8 17. h4 Bh6 18. g4 Bf4 19. Nce3 Bxe3 20. Nxe3 Ne7 21. Bd5 1/2-1/2

[Event "CHI-ch"]
[Site "Santiago de Chile"]
[Date "2017.02.23"]
[Round "6"]
[White "Gutierrez Montes, Sebastian"]
[Black "Salinas Herrera, Pablo Patricio"]
[Result "0-1"]
[WhiteElo "2166"]
[BlackElo "2464"]
[PlyCount "64"]
[EventDate "2017.02.20"]
[EventType "tourn"]
[EventRounds "11"]
[EventCountry "CHI"]
[EventCategory "3"]
[SourceTitle "CBM 177 Extra"]
[Source "ChessBase"]
[SourceDate "2017.04.27"]
[SourceVersion "1"]
[SourceVersionDate "2017.04.27"]
[SourceQuality "1"]

1. e4 c5 2. Nf3 Nc6 3. d4 cxd4 4. Nxd4 Qc7 5. Nc3 e6 6. Nxc6 bxc6 7. Bd3 Nf6 8. 0-0 d5 9. exd5 Nxd5 10. Re1 Nxc3 11. bxc3 Be7 12. Qf3 Bd6 13. h3 0-0 14. Bg5 f6 15. Bd2 Kh8 16. Rad1 f5 17. Bc4 e5 18. Bg5 e4 19. Qh5 Bd7 20. Qh4 Rae8 21. Be3 Bc8 22. Re2 f4 23. Bc1 Be7 24. Qh5 g6 25. Qh6 Qe5 26. Rde1 e3 27. Bxe3 fxe3 28. Rxe3 Qf6 29. Rf3 Qg5 30. Qxg5 Bxg5 31. Rxf8+ Rxf8 32. Re5 Bd8 0-1

[Event "CHI-ch sf"]
[Site "Quilpue"]
[Date "2016.12.16"]
[Round "4"]
[White "Lopez Silva, Hugo Andres"]
[Black "Gutierrez Montes, Sebastian"]
[Result "0-1"]
[WhiteElo "2422"]
[BlackElo "2130"]
[PlyCount "132"]
[EventDate "2016.12.14"]
[EventType "swiss"]
[EventRounds "8"]
[EventCountry "CHI"]
[SourceTitle "EXT 2018"]
[Source "ChessBase"]
[SourceDate "2017.10.13"]
[SourceVersion "1"]
[SourceVersionDate "2017.10.13"]
[SourceQuality "1"]

1. e4 c5 2. Nf3 d6 3. d4 cxd4 4. Nxd4 Nf6 5. Nc3 a6 6. Be3 Ng4 7. Bc1 Nf6 8. f3 Qb6 9. g4 Nc6 10. Nb3 e6 11. Qe2 Qc7 12. a4 Be7 13. g5 Nd7 14. f4 Nc5 15. Be3 b6 16. Nd4 Bb7 17. Nxc6 Bxc6 18. Bg2 Qb7 19. Bd4 0-0 20. 0-0 Nd7 21. Qh5 e5 22. Be3 exf4 23. Rxf4 g6 24. Qh6 f6 25. Raf1 fxg5 26. Bd4 Ne5 27. Rxf8+ Rxf8 28. Rxf8+ Bxf8 29. Qxg5 Be7 30. Qf4 g5 31. Qg3 Ng6 32. Be3 b5 33. a5 b4 34. Nd5 Bxd5 35. exd5 Qc7 36. Be4 Qxa5 37. Bd4 Qa1+ 38. Kf2 Qd1 39. Qe3 Nf4 40. Bxh7+ Kf8 41. Be4 Qh5 42. Kg1 Qg4+ 43. Kf1 Qd1+ 44. Kf2 Qh5 45. Kg1 Ne2+ 46. Kh1 Nf4 47. Bf3 Qh3 48. Qf2 Qf5 49. Be3 Nh3 50. Qe2 Bf6 51. b3 Nf4 52. Qf2 Nxd5 53. Ba7 g4 54. Bg2 Nf4 55. Bb8 Be5 56. Qd2 Ke7 57. Ba8 Nh3 58. Qe2 Qf4 59. Bxd6+ Kxd6 60. Qxa6+ Ke7 61. Qa7+ Kf6 62. Qb6+ Kg7 63. Kg2 Qd2+ 64. Kf1 Qd1+ 65. Kg2 Nf4+ 66. Kg3 Nd5+ 0-1

[Event "CHI-ch sf"]
[Site "Santiago de Chile"]
[Date "2016.01.24"]
[Round "3"]
[White "Alarcon Bahamondez, Roberto Ignacio"]
[Black "Gutierrez Montes, Sebastian"]
[Result "1-0"]
[WhiteElo "2257"]
[BlackElo "2110"]
[PlyCount "128"]
[EventDate "2016.01.23"]
[EventType "swiss"]
[EventRounds "9"]
[EventCountry "CHI"]
[SourceTitle "EXT 2017"]
[Source "ChessBase"]
[SourceDate "2016.10.25"]
[SourceVersion "1"]
[SourceVersionDate "2016.10.25"]
[SourceQuality "1"]

1. e4 c5 2. Nf3 a6 3. c4 d6 4. d4 cxd4 5. Nxd4 Nf6 6. Nc3 e6 7. Be2 Be7 8. Be3 0-0 9. 0-0 b6 10. f4 Bb7 11. Bf3 Qc7 12. Rc1 Nbd7 13. f5 e5 14. Nd5 Qd8 15. Nc2 Nxd5 16. cxd5 a5 17. Na3 Bg5 18. Qd2 Bxe3+ 19. Qxe3 Nc5 20. Rf2 Ba6 21. Be2 Bxe2 22. Qxe2 Qh4 23. Rc4 Rfc8 24. Nb5 Qf6 25. b3 Na6 26. a3 Rc5 27. Rxc5 Nxc5 28. Qc4 Qh6 29. Re2 Kf8 30. Qc3 a4 31. b4 Nb3 32. Qc6 Rd8 33. Qc7 Ke8 34. Qc3 Nd4 35. Nxd4 exd4 36. Qc2 d3 37. Qxd3 Qc1+ 38. Kf2 Qf4+ 39. Qf3 Qxh2 40. Rc2 Qe5 41. Qc3 Qxc3 42. Rxc3 Kd7 43. b5 Rc8 44. Rc6 Re8 45. Ke3 Rb8 46. f6 gxf6 47. g4 Rb7 48. Kf4 h6 49. Kg3 Rb8 50. Kf3 Rh8 51. Rxb6 h5 52. Ra6 Kc7 53. gxh5 Rxh5 54. Rxa4 Kb6 55. Ra6+ Kxb5 56. Rxd6 Rh3+ 57. Kf4 Rxa3 58. Rxf6 Kc5 59. Rxf7 Ra6 60. Kf5 Kd4 61. Re7 Ra5 62. Ke6 Kxe4 63. d6 Ra1 64. d7 Rd1 1-0

[Event "Antofagasta Zicosur op 2nd"]
[Site "Antofagasta"]
[Date "2016.01.10"]
[Round "9"]
[White "Gutierrez Montes, Sebastian"]
[Black "Tapia Fuentes, Jaime"]
[Result "1/2-1/2"]
[WhiteElo "2110"]
[BlackElo "2288"]
[PlyCount "75"]
[EventDate "2016.01.05"]
[EventType "swiss"]
[EventRounds "9"]
[EventCountry "CHI"]
[SourceTitle "CBM 170 Extra"]
[Source "ChessBase"]
[SourceDate "2016.02.25"]
[SourceVersion "1"]
[SourceVersionDate "2016.02.25"]
[SourceQuality "1"]

1. e4 c5 2. Nf3 d6 3. d4 cxd4 4. Nxd4 Nf6 5. Nc3 g6 6. Bb5+ Bd7 7. Qe2 Bg7 8. Be3 0-0 9. 0-0 a6 10. Bxd7 Nbxd7 11. f3 Rc8 12. Rfe1 Nb6 13. Bf2 e5 14. Nb3 Nc4 15. Nd1 d5 16. exd5 Qxd5 17. Ne3 Nxe3 18. Bxe3 Qc6 19. c3 Nd5 20. Rad1 Rfd8 21. Rd2 Nxe3 22. Qxe3 Rxd2 23. Qxd2 Qb6+ 24. Qf2 Qxf2+ 25. Kxf2 f5 26. Rd1 Rc7 27. Rd8+ Kf7 28. Rb8 Rd7 29. Ke1 Bh6 30. Nc5 Rd2 31. Rxb7+ Kf6 32. Rxh7 Be3 33. Nd7+ Ke6 34. Nf8+ Kf6 35. Rd7 Rxg2 36. Nh7+ Ke6 37. Nf8+ Kf6 38. Nh7+ 1/2-1/2

[Event "CHI-ch U20"]
[Site "San Carlos"]
[Date "2015.02.13"]
[Round "7"]
[White "Gutierrez Montes, Sebastian"]
[Black "Garcia Abello, Lucas"]
[Result "1-0"]
[WhiteElo "2093"]
[BlackElo "1712"]
[PlyCount "52"]
[EventDate "2015.02.10"]
[EventType "swiss"]
[EventRounds "9"]
[EventCountry "CHI"]
[SourceTitle "CBM 164 Extra"]
[Source "ChessBase"]
[SourceDate "2015.03.02"]
[SourceVersion "1"]
[SourceVersionDate "2015.03.02"]
[SourceQuality "1"]

1. e4 c6 2. d4 d5 3. exd5 cxd5 4. Nf3 Nf6 5. Ne5 g6 6. Nc3 Bg7 7. Be3 0-0 8. Qd2 Ng4 9. Nxg4 Bxg4 10. f3 Be6 11. Bh6 Nc6 12. Bxg7 Kxg7 13. 0-0-0 Rc8 14. h4 h5 15. Be2 Qa5 16. Kb1 Bf5 17. g4 hxg4 18. fxg4 Be4 19. Nxe4 dxe4 20. c3 e6 21. Qe3 Ne7 22. Qxe4 Nd5 23. c4 Nf6 24. Qe3 b5 25. g5 bxc4 26. gxf6+ Kg8 1-0

[Event "Antofagasta Zicosur op 1st"]
[Site "Antofagasta"]
[Date "2015.01.07"]
[Round "4"]
[White "Abarca Gonzalez, Nicolas"]
[Black "Gutierrez Montes, Sebastian"]
[Result "1/2-1/2"]
[WhiteElo "2365"]
[BlackElo "2055"]
[PlyCount "160"]
[EventDate "2015.01.05"]
[EventType "swiss"]
[EventRounds "10"]
[EventCountry "CHI"]
[SourceTitle "CBM 164 Extra"]
[Source "ChessBase"]
[SourceDate "2015.03.02"]
[SourceVersion "1"]
[SourceVersionDate "2015.03.02"]
[SourceQuality "1"]

1. Nf3 Nf6 2. c4 g6 3. g3 Bg7 4. Bg2 d6 5. 0-0 0-0 6. Nc3 e5 7. d3 c6 8. Rb1 a5 9. a3 Re8 10. e4 Nbd7 11. Re1 Nf8 12. d4 exd4 13. Nxd4 Ne6 14. Be3 Ng4 15. Nxc6 Nxe3 16. Nxd8 Nxd1 17. Nxe6 Bxe6 18. Rexd1 Bxc4 19. Rxd6 b5 20. Nd5 Ba2 21. Ra1 Bxd5 22. Rxd5 Bxb2 23. Ra2 Bc3 24. Rxb5 Rad8 25. Rc2 Rd1+ 26. Bf1 Bd4 27. Rd5 Rxe4 28. Kg2 Re5 29. Rd8+ Kg7 30. Ba6 Re4 31. Be2 Re1 32. Bf3 Bf6 33. Rd7 Re7 34. Rd3 Ra1 35. Rc5 Ra7 36. Rc4 Be7 37. a4 Bb4 38. Bc6 Rc7 39. Rd7 Rxd7 40. Bxd7 Rd1 41. Bb5 Re1 42. Rc7 Re7 43. Rc4 Be1 44. Kf3 Kf6 45. Rc8 Bb4 46. g4 h6 47. h4 Kg7 48. Rc4 Be1 49. Kg2 Bb4 50. Kf1 Be1 51. Rc8 Bb4 52. Be2 Re6 53. f3 Bd2 54. Rc2 Bb4 55. Rc7 Re7 56. Rc4 Bd2 57. Rc2 Bb4 58. Rc6 Bd2 59. Rc5 Bb4 60. Rb5 Re8 61. h5 g5 62. Rf5 Bd2 63. Bd3 f6 64. Be4 Re5 65. Ke2 Rxf5 66. Bxf5 Bb4 67. Kd3 Be1 68. Kc4 Bb4 69. Kb5 Be1 70. Kc6 Bb4 71. Kb6 Be1 72. Kc6 Bb4 73. Kd7 Be1 74. Ke8 Bb4 75. Bg6 Ba3 76. Bf5 Bb4 77. Be6 Ba3 78. Kd8 Bc1 79. Bf5 Ba3 80. Ke8 Bb4 1/2-1/2

[Event "La Paz op 2nd"]
[Site "La Paz"]
[Date "2014.11.14"]
[Round "4"]
[White "Gutierrez Montes, Sebastian"]
[Black "Huanca, Edson"]
[Result "1-0"]
[WhiteElo "2045"]
[BlackElo "1654"]
[PlyCount "83"]
[EventDate "2014.11.13"]
[EventType "swiss"]
[EventRounds "7"]
[EventCountry "BOL"]
[SourceTitle "CBM 163 Extra"]
[Source "ChessBase"]
[SourceDate "2014.12.23"]
[SourceVersion "1"]
[SourceVersionDate "2014.12.23"]
[SourceQuality "1"]

1. e4 c6 2. d4 d5 3. Nc3 dxe4 4. Nxe4 Nf6 5. Ng3 Nbd7 6. Nf3 Nb6 7. Qd3 Bg4 8. Ne5 Bd7 9. Bg5 e6 10. Nh5 Nbd5 11. Qf3 h6 12. Bh4 g5 13. Bg3 Qe7 14. Nxf6+ Qxf6 15. Qb3 Bc8 16. 0-0-0 Bg7 17. h4 a5 18. a4 0-0 19. Kb1 Qe7 20. Bd3 Bxe5 21. dxe5 g4 22. c4 Qb4 23. Qxb4 Nxb4 24. Be2 h5 25. f3 Na6 26. fxg4 hxg4 27. Rd4 Kh8 28. h5 Nc5 29. Bh4 Rg8 30. Bf6+ Kh7 31. h6 Bd7 32. Bd1 Be8 33. Bc2+ Rg6 34. Rxg4 Nxa4 35. Rxg6 fxg6 36. Bxa4 b5 37. cxb5 cxb5 38. Bc2 Bc6 39. Bxg6+ Kxg6 40. h7 Bxg2 41. h8Q Rxh8 42. Rxh8 1-0

[Event "South America-ch U18 11th"]
[Site "Montevideo"]
[Date "2014.09.11"]
[Round "6"]
[White "Gutierrez Montes, Sebastian"]
[Black "Bejar Caceres, Brayan Daniel"]
[Result "1-0"]
[WhiteElo "1992"]
[BlackElo "1789"]
[PlyCount "45"]
[EventDate "2014.09.08"]
[EventType "swiss"]
[EventRounds "9"]
[EventCountry "URU"]
[SourceTitle "EXT 2016"]
[Source "ChessBase"]
[SourceDate "2015.10.08"]
[SourceVersion "1"]
[SourceVersionDate "2015.10.08"]
[SourceQuality "1"]

1. e4 g6 2. d4 Bg7 3. Nc3 d6 4. Bg5 h6 5. Be3 a6 6. a4 b6 7. Qd2 Nd7 8. Bc4 e6 9. Nge2 Ne7 10. 0-0 Bb7 11. Rad1 Nf6 12. d5 exd5 13. exd5 Nf5 14. Nd4 Nxe3 15. Nc6 Qd7 16. Qxe3+ Kf8 17. Rfe1 Re8 18. Qd3 Nxd5 19. Nxd5 Qxc6 20. Rxe8+ Kxe8 21. Qe2+ Kf8 22. Qe7+ Kg8 23. Nf6+ 1-0